Evaluación energética en una planta de alimentos balanceados para animales
محفوظ في:
| المؤلف الرئيسي: | |
|---|---|
| التنسيق: | كتاب |
| اللغة: | Spanish |
| منشور في: |
San José, Costa Rica
2015
|
| الموضوعات: |
AUDITORIA ENERGETICA
> CONSUMO DE ENERGIA - EVALUACION
> CONSUMO DE ENERGIA ELECTRICA - EVALUACION
> COOPERATIVA DE PRODUCTORES DE LECHE DOS PINOS R. L. (COSTA RICA). PLANTA DE ALIMENTOS BALANCEADOS PARA ANIMALES - CONSERVACION DE LA ENERGIA
> COOPERATIVA DE PRODUCTORES DE LECHE DOS PINOS R. L. (COSTA RICA). PLANTA DE ALIMENTOS BALANCEADOS PARA ANIMALES - CONSUMO DE ENERGIA
> SISTEMAS DE ENERGIA ELECTRICA - EVALUACION
> SISTEMAS DE TUBERIAS DE VAPOR - EVALUACION
> BALANCE ENERGETICO
> RENDIMIENTO ENERGETICO
> CONSERVACION DE LA ENERGIA
> ALIMENTOS PARA ANIMALES - INDUSTRIAS - EQUIPO Y ACCESORIOS
> COOPERATIVA DE PRODUCTORES DE LECHE DOS PINOS R. L. (COSTA RICA). PLANTA DE ALIMENTOS BALANCEADOS PARA ANIMALES
> CONSUMO DE ENERGIA - ASPECTOS ECONOMICOS
|
| الوسوم: |
إضافة وسم
لا توجد وسوم, كن أول من يضع وسما على هذه التسجيلة!
|
MARC
| LEADER | 00000nam a22000007a 4500 | ||
|---|---|---|---|
| 003 | 012203 | ||
| 005 | 20221231143909.0 | ||
| 008 | 150722b2015 cr a|||| |||| 00| 0 spa d | ||
| 040 | |c cru CEDI | ||
| 090 | |a TFG 7368 | ||
| 100 | |9 923 |a Chacón Cordero, Fabiola | ||
| 245 | |a Evaluación energética en una planta de alimentos balanceados para animales | ||
| 260 | |a San José, Costa Rica |c 2015 | ||
| 500 | |a Proyecto de graduación (licenciatura en ingeniería química)--Universidad de Costa Rica. Facultad de Ingeniería. Escuela de Ingeniería Química | ||
| 650 | |x AUDITORIA ENERGETICA |x CONSUMO DE ENERGIA - EVALUACION |x CONSUMO DE ENERGIA ELECTRICA - EVALUACION |x COOPERATIVA DE PRODUCTORES DE LECHE DOS PINOS R. L. (COSTA RICA). PLANTA DE ALIMENTOS BALANCEADOS PARA ANIMALES - CONSERVACION DE LA ENERGIA |x COOPERATIVA DE PRODUCTORES DE LECHE DOS PINOS R. L. (COSTA RICA). PLANTA DE ALIMENTOS BALANCEADOS PARA ANIMALES - CONSUMO DE ENERGIA |x SISTEMAS DE ENERGIA ELECTRICA - EVALUACION |x SISTEMAS DE TUBERIAS DE VAPOR - EVALUACION |x BALANCE ENERGETICO |x RENDIMIENTO ENERGETICO |x CONSERVACION DE LA ENERGIA |x ALIMENTOS PARA ANIMALES - INDUSTRIAS - EQUIPO Y ACCESORIOS |x COOPERATIVA DE PRODUCTORES DE LECHE DOS PINOS R. L. (COSTA RICA). PLANTA DE ALIMENTOS BALANCEADOS PARA ANIMALES |x CONSUMO DE ENERGIA - ASPECTOS ECONOMICOS |9 924 | ||
| 942 | |c TFG | ||
| 999 | |c 13908 |d 13908 | ||
